[Event "Abidjan op"]
[Site "Abidjan"]
[Date "2015.06.28"]
[Round "7"]
[White "Zirimba, Paul"]
[Black "Anwuli, Daniel"]
[Result "0-1"]
[WhiteElo "2045"]
[BlackElo "2179"]
[PlyCount "68"]
[EventDate "2015.06.26"]
[EventType "swiss"]
[EventRounds "9"]
[EventCountry "IVO"]
[SourceTitle "EXT 2016"]
[Source "ChessBase"]
[SourceDate "2015.10.08"]
[SourceVersion "1"]
[SourceVersionDate "2015.10.08"]
[SourceQuality "1"]

1. c4 Nf6 2. d4 e5 3. a3 exd4 4. Qxd4 Nc6 5. Qh4 Be7 6. Bg5 h6 7. Bxf6 Bxf6 8. Qe4+ Ne7 9. Nc3 0-0 10. e3 d6 11. Qc2 Be6 12. Nf3 Nc6 13. Be2 Ne5 14. Nxe5 Bxe5 15. e4 Qh4 16. Nd5 c6 17. Nc7 Rae8 18. Nxe6 fxe6 19. g3 Qf6 20. 0-0 Bxb2 21. Rab1 Bxa3 22. Rxb7 Bc5 23. Bg4 Bb6 24. Kg2 Qg6 25. Bd1 Rf4 26. Qb2 Qxe4+ 27. Kh3 Rf6 28. Bg4 Qxc4 29. Re1 e5 30. Bd1 Qa6 31. Bb3+ Kf8 32. Qc2 Qxb7 33. Qh7 Qd7+ 34. g4 Rf3+ 0-1

[Event "Abidjan op"]
[Site "Abidjan"]
[Date "2015.06.28"]
[Round "9"]
[White "Zirimba, Paul"]
[Black "Osunfuyi, Abimbola"]
[Result "0-1"]
[WhiteElo "2045"]
[BlackElo "2147"]
[PlyCount "42"]
[EventDate "2015.06.26"]
[EventType "swiss"]
[EventRounds "9"]
[EventCountry "IVO"]
[SourceTitle "EXT 2016"]
[Source "ChessBase"]
[SourceDate "2015.10.08"]
[SourceVersion "1"]
[SourceVersionDate "2015.10.08"]
[SourceQuality "1"]

1. c4 Nf6 2. Nf3 g6 3. Nc3 Bg7 4. g3 d6 5. Bg2 0-0 6. 0-0 e5 7. d3 c6 8. Bg5 h6 9. Bxf6 Qxf6 10. Ne4 Qe7 11. Nfd2 f5 12. Nc3 g5 13. e3 Nd7 14. Qe2 Nf6 15. f4 exf4 16. exf4 Qf7 17. Rfe1 Re8 18. a3 Rxe2 19. Rxe2 Bd7 20. Rae1 Re8 21. Rxe8+ Bxe8 0-1

[Event "Abidjan op"]
[Site "Abidjan"]
[Date "2015.06.27"]
[Round "5"]
[White "Mensah, Joseph Jamena"]
[Black "Zirimba, Paul"]
[Result "0-1"]
[WhiteElo "1959"]
[BlackElo "2045"]
[PlyCount "118"]
[EventDate "2015.06.26"]
[EventType "swiss"]
[EventRounds "9"]
[EventCountry "IVO"]
[SourceTitle "EXT 2016"]
[Source "ChessBase"]
[SourceDate "2015.10.08"]
[SourceVersion "1"]
[SourceVersionDate "2015.10.08"]
[SourceQuality "1"]

1. e4 e5 2. Nf3 Nc6 3. d4 exd4 4. Bc4 h6 5. 0-0 d6 6. c3 Be6 7. Bb5 a6 8. Bxc6+ bxc6 9. cxd4 Bg4 10. Nbd2 Be7 11. Qc2 Qd7 12. e5 Bf5 13. Qc3 h5 14. Re1 Be6 15. Ne4 d5 16. Neg5 a5 17. a3 Nh6 18. Nxe6 fxe6 19. Bxh6 Rxh6 20. Nd2 h4 21. Nb3 h3 22. g3 a4 23. Nc5 Bxc5 24. Qxc5 Rb8 25. Re2 Rb6 26. f4 Qf7 27. Rf1 Qf5 28. Qc2 Qxc2 29. Rxc2 Kd7 30. Rf3 g6 31. g4 Rh8 32. f5 gxf5 33. gxf5 exf5 34. Rxf5 Rg8+ 35. Kf1 Rg2 36. Rxg2 hxg2+ 37. Kxg2 Rxb2+ 38. Rf2 Rb3 39. Rf3 Rb2+ 40. Kg3 Rd2 41. h4 Rxd4 42. h5 Re4 43. h6 Rxe5 44. Kg4 c5 45. h7 Re8 46. Kg5 Rh8 47. Kg6 Kc6 48. Kg7 Rxh7+ 49. Kxh7 d4 50. Kg6 Kd5 51. Kf5 c4 52. Rf1 c3 53. Kf4 Kc4 54. Ke4 c5 55. Rf2 d3 56. Ke3 c2 57. Kd2 Kb3 58. Rf4 c4 59. Rg4 c3+ 0-1